[Event "RSA-ch U10 Girls"]
[Site "Bloemfontein"]
[Date "2016.03.21"]
[Round "3"]
[White "Stokes, Jody"]
[Black "Fitton, Nita"]
[Result "0-1"]
[WhiteElo "770"]
[BlackElo "924"]
[PlyCount "57"]
[EventDate "2016.03.20"]
[EventType "swiss"]
[EventRounds "11"]
[EventCountry "RSA"]
[SourceTitle "CBM 171 Extra"]
[Source "ChessBase"]
[SourceDate "2016.04.26"]
[SourceVersion "1"]
[SourceVersionDate "2016.04.26"]
[SourceQuality "1"]

1. e4 c5 2. Nf3 g6 3. Bc4 Nc6 4. Ng5 Ne5 5. Nxf7 Nxf7 6. Bxf7+ Kxf7 7. Qf3+ Ke8 8. 0-0 Bg7 9. Nc3 Nf6 10. e5 Nh5 11. d3 Qc7 12. Nd5 Qxe5 13. Qe4 Kd8 14. b3 Qxe4 15. dxe4 Bxa1 16. Bg5 Bf6 17. g4 Bxg5 18. gxh5 gxh5 19. Kh1 e6 20. Rg1 Bh6 21. Nf6 h4 22. Rg4 Ke7 23. Ng8+ Kf8 24. Nxh6 b6 25. Rxh4 Rb8 26. Rg4 d5 27. Kg1 dxe4 28. Rf4+ Kg7 29. Ng4 0-1

[Event "RSA-chT U10"]
[Site "Cape Town"]
[Date "2016.01.05"]
[Round "3.4"]
[White "Fitton, Nita"]
[Black "Evetts, Jamie"]
[Result "0-1"]
[WhiteElo "973"]
[BlackElo "1026"]
[PlyCount "29"]
[EventDate "2016.01.04"]
[EventType "team-tourn"]
[EventRounds "7"]
[EventCountry "RSA"]
[SourceTitle "CBM 170 Extra"]
[Source "ChessBase"]
[SourceDate "2016.02.25"]
[SourceVersion "1"]
[SourceVersionDate "2016.02.25"]
[SourceQuality "1"]
[WhiteTeam "Johannesburg Metro"]
[BlackTeam "Ethekwini"]
[WhiteTeamCountry "RSA"]
[BlackTeamCountry "RSA"]

1. e4 e5 2. Nf3 Nc6 3. d4 f6 4. dxe5 fxe5 5. Bg5 Be7 6. Bc4 Nf6 7. Qe2 d6 8. Nc3 Bd7 9. Nd5 Nxd5 10. Bxd5 a6 11. 0-0 Bf6 12. Bh4 Qe7 13. c4 0-0-0 14. Bxf6 gxf6 15. Qd3 0-1

[Event "RSA-ch U08 Girls"]
[Site "Waterkloof"]
[Date "2015.04.07"]
[Round "5"]
[White "Fitton, Nita"]
[Black "Beetge, Wilna"]
[Result "1-0"]
[WhiteElo "770"]
[BlackElo "696"]
[PlyCount "53"]
[EventDate "2015.04.04"]
[EventType "swiss"]
[EventRounds "9"]
[EventCountry "RSA"]
[SourceTitle "CBM 166 Extra"]
[Source "ChessBase"]
[SourceDate "2015.06.18"]
[SourceVersion "1"]
[SourceVersionDate "2015.06.18"]
[SourceQuality "1"]

1. e4 e5 2. Nf3 Nc6 3. Nc3 Bc5 4. Bc4 Nf6 5. d3 d6 6. 0-0 Bg4 7. h3 Bxf3 8. Qxf3 Nd4 9. Qd1 Qe7 10. Bg5 h6 11. Bxf6 Qxf6 12. Nd5 Qd8 13. Qe1 Nxc2 14. Qa5 b6 15. Bb5+ Kf8 16. Qa6 Nxa1 17. Bc6 Rb8 18. Rxa1 Qh4 19. Rf1 h5 20. Qxa7 Rd8 21. Qxc7 Rh6 22. Qe7+ Kg8 23. Qxh4 Rc8 24. Ne7+ Kf8 25. Nxc8 Re6 26. Qd8+ Re8 27. Qxe8# 1-0

[Event "RSA-ch U08 Girls"]
[Site "Waterkloof"]
[Date "2015.04.04"]
[Round "1"]
[White "Fitton, Nita"]
[Black "Ellis, Catherine"]
[Result "1-0"]
[WhiteElo "770"]
[BlackElo "537"]
[PlyCount "80"]
[EventDate "2015.04.04"]
[EventType "swiss"]
[EventRounds "9"]
[EventCountry "RSA"]
[SourceTitle "CBM 166 Extra"]
[Source "ChessBase"]
[SourceDate "2015.06.18"]
[SourceVersion "1"]
[SourceVersionDate "2015.06.18"]
[SourceQuality "1"]

1. e4 e5 2. Nf3 Nc6 3. Nc3 Nf6 4. Bc4 Bc5 5. d3 d6 6. Be3 Bg4 7. d4 Bxf3 8. Qxf3 Nxd4 9. Bxd4 Bb4 10. Qd1 c6 11. a3 Bxc3+ 12. bxc3 Qa5 13. Qd2 Nxe4 14. Qd3 exd4 15. Qxd4 c5 16. Qxe4+ Kf8 17. Qd3 d5 18. Bxd5 Qd8 19. Bxb7 Qe7+ 20. Qe3 Qxb7 21. Qf3 Re8+ 22. Kd1 Qd7+ 23. Kc1 Re6 24. Rd1 Qe7 25. Rb1 Re1 26. Rb8+ Qe8 27. Rxe8+ Rxe8 28. Rd7 Re1+ 29. Kb2 g6 30. Qf6 Ke8 31. Qxh8+ Kxd7 32. Qf6 Re8 33. Qxf7+ Re7 34. Qf6 Re8 35. f4 Rb8+ 36. Ka2 Re8 37. g4 Re2 38. Kb2 Rxh2 39. f5 gxf5 40. gxf5 Ke8 1-0